State of the accounts of the Pennsylvania Hospital, adjusted by the managers : being a summary of the receipts and payments for the year ending the 25th day of the 4th month, 1800, and laid before the contributors at their annual meeting.

Bibliographic Details
Corporate Author: Pennsylvania Hospital (Philadelphia, Pa.)
Other Authors: Coates, Samuel, 1748-1830
Format: eBook
Language:English
Series:Early American imprints. Evans (1639-1800) ; no. 38251.
Subjects:
Online Access:Evans Digital Edition

MARC

Tag First Indicator Second Indicator Subfields
LEADER 00000cam a2200000 a 4500
001 in00002168721
006 m e d #
007 cr mn mmmmabba
008 810602s1800 pau s 000 0 eng d
005 20260331161454.8
035 |z w024205 
035 |a MAAR8106024409B 
035 |9 mwa91-15895 
035 |a 342961 
035 |a aas03024205 
040 |a MWA  |c MWA  |e bdrb  |d UtOrBLW 
110 2 |a Pennsylvania Hospital (Philadelphia, Pa.) 
245 1 0 |a State of the accounts of the Pennsylvania Hospital, adjusted by the managers :  |b being a summary of the receipts and payments for the year ending the 25th day of the 4th month, 1800, and laid before the contributors at their annual meeting. 
264 3 |a [Philadelphia] :  |b Printed by D.C. Claypoole,  |c [1800] 
300 |a 1 sheet (1 unnumbered page) ;  |c 58 x 39 cm. 
336 |a text  |b txt  |2 rdacontent 
337 |a computer  |b c  |2 rdamedia 
338 |a online resource  |b cr  |2 rdacarrier 
500 |a "Examined and settled, 4 mo. 26, 1800. Samuel Coates [and three others]." 
500 |a Accounts in two columns; printed area measures 47.7 x 31.0 cm. 
510 4 |a Evans  |c 38251 
530 |a Microform version available in the Readex Early American Imprints series. 
533 |a Electronic text and image data.  |b [Chester, Vt. :  |c Readex, a division of Newsbank, Inc.,  |d 2002-2004.  |e Includes files in TIFF, GIF and PDF formats with inclusion of keyword searchable text.  |f (Early American imprints. First series ; no. 38251). 
500 |a Electronic resource. 
610 2 0 |a Pennsylvania Hospital (Philadelphia, Pa.)  |x Finance. 
650 0 |a Hospitals  |z Pennsylvania  |z Philadelphia. 
655 7 |a Broadsides.  |2 rbgenr 
700 1 |a Coates, Samuel,  |d 1748-1830. 
752 |a United States  |b Pennsylvania  |d Philadelphia. 
830 0 |a Early American imprints.  |n Series I,  |p Evans (1639-1800) ;  |v no. 38251. 
856 4 1 |u http://proxy.library.tamu.edu/login?url=https://opac.newsbank.com/select/evans/38251  |y Evans Digital Edition  |t 0 
999 |a MARS 
999 f f |s e1be73dd-a232-3346-92c5-4d858d0d8ef8  |i fb8eb0bc-17b4-3acb-a046-09fc26c3622d  |t 0 
952 f f |a Texas A&M University  |b College Station  |c Electronic Resources  |s www_evans  |d Available Online  |t 0  |h No information provided 
998 f f |t 0  |l Available Online